[Event "URU-ch"]
[Site "Uruguay"]
[Date "1991.??.??"]
[Round "?"]
[White "Rodriguez Vila, Andres"]
[Black "Sosa Macho, Federico"]
[Result "0-1"]
[WhiteElo "2320"]
[BlackElo "2215"]
[PlyCount "98"]
[EventDate "1991.??.??"]
[EventType "tourn"]
[EventRounds "13"]
[EventCountry "URU"]
[SourceTitle "EXT 2002"]
[Source "ChessBase"]
[SourceDate "2001.11.25"]
[SourceVersion "1"]
[SourceVersionDate "2001.11.25"]
[SourceQuality "1"]

1. e4 Nf6 2. Nc3 d6 3. d4 c6 4. f4 Qa5 5. Bd3 Bg4 6. Nf3 Nbd7 7. e5 Nd5 8. Bd2
Bxf3 9. Qxf3 Nxc3 10. Bxc3 Qd5 11. Be4 Qb5 12. a4 Qb6 13. a5 Qc7 14. a6 d5 15.
axb7 Qxb7 16. Bd3 e6 17. f5 exf5 18. O-O Nb6 19. e6 fxe6 20. Rae1 O-O-O 21.
Rxe6 g6 22. Qe2 Qd7 23. Bd2 Kb7 24. Bg5 Rb8 25. Bf4 Rd8 26. Re1 Ka8 27. b3 Rg8
28. Qd2 Rg7 29. Bg5 Rb8 30. Qa5 Bd6 31. g3 Nc8 32. c3 Rxb3 33. Re8 Rb8 34. Ba6
Qc7 35. Qa4 h6 36. Bd8 Qd7 37. Ba5 Re7 38. Rd8 Rxe1+ 39. Kf2 Bxg3+ 40. hxg3 Qe6
41. Bb7+ Rxb7 42. Rxc8+ Qxc8 43. Kxe1 Qe6+ 44. Kd2 Rb2+ 45. Kc1 Rg2 46. c4 Qe3+
47. Kd1 Qd3+ 48. Kc1 Qf1+ 49. Qd1 Qxc4+ 0-1

[Event "WchT U26"]
[Site "Maringa"]
[Date "1991.??.??"]
[Round "3"]
[White "Nogueira, Nelson"]
[Black "Rodriguez Vila, Andres"]
[Result "0-1"]
[WhiteElo "2375"]
[BlackElo "2350"]
[PlyCount "74"]
[EventDate "1991.??.??"]
[EventType "team"]
[EventRounds "11"]
[EventCountry "MEX"]
[SourceTitle "EXT 1999"]
[Source "ChessBase"]
[SourceDate "1998.11.16"]
[SourceVersion "1"]
[SourceVersionDate "1998.11.16"]
[SourceQuality "1"]

1. e4 e6 2. d4 d5 3. Nd2 Nf6 4. e5 Nfd7 5. f4 c5 6. c3 Nc6 7. Ndf3 Qb6 8. Ne2
f6 9. Rb1 cxd4 10. cxd4 Bb4+ 11. Bd2 O-O 12. a3 Be7 13. Bc3 a5 14. Ng3 Qd8 15.
Bd3 f5 16. O-O Nb6 17. Qe2 Bd7 18. Rfc1 Qb8 19. h3 Rc8 20. Be1 Qa7 21. Kh2 Nd8
22. Nd2 Rxc1 23. Rxc1 Rc8 24. Rxc8 Nxc8 25. Nf3 Nc6 26. Bf2 a4 27. Nf1 Na5 28.
g4 g6 29. Ng5 Bxg5 30. fxg5 Qb6 31. Kg2 Ne7 32. Qc2 Nc4 33. Bxc4 dxc4 34. Qxc4
Qxb2 35. gxf5 gxf5 36. Qd3 Ng6 37. Kg3 Bc6 0-1

[Event "WchT U26"]
[Site "Maringa"]
[Date "1991.??.??"]
[Round "4"]
[White "Rodriguez Vila, Andres"]
[Black "Rojas Sepulveda, Jaime"]
[Result "1-0"]
[WhiteElo "2350"]
[BlackElo "2305"]
[PlyCount "117"]
[EventDate "1991.??.??"]
[EventType "team"]
[EventRounds "11"]
[EventCountry "MEX"]
[SourceTitle "EXT 1999"]
[Source "ChessBase"]
[SourceDate "1998.11.16"]
[SourceVersion "1"]
[SourceVersionDate "1998.11.16"]
[SourceQuality "1"]

1. e4 e5 2. Nf3 Nc6 3. Bb5 Nge7 4. O-O d6 5. Re1 Bd7 6. c3 Ng6 7. d4 Be7 8.
Nbd2 O-O 9. Nf1 Bf6 10. Ng3 Nxd4 11. Nxd4 exd4 12. Bxd7 Qxd7 13. cxd4 Qb5 14.
Nf5 Rfe8 15. Rb1 Ne7 16. Ng3 Qa5 17. Be3 Qxa2 18. b3 Qa5 19. Nh5 Kh8 20. f4 Ng8
21. e5 dxe5 22. fxe5 Be7 23. Qf3 f6 24. Qxb7 fxe5 25. b4 Qb6 26. Qxb6 axb6 27.
dxe5 Ra4 28. Rec1 Rc8 29. Bxb6 Rxb4 30. Rxb4 Bxb4 31. Rxc7 Rxc7 32. Bxc7 g6 33.
Bd6 Ba5 34. e6 Bc3 35. Nf4 Kg7 36. Nd5 Bd4+ 37. Kf1 Nf6 38. Nc7 Ne4 39. Bb4 Nf6
40. Bd6 Ne4 41. Bf4 Kf6 42. Ke2 Bc5 43. Kd3 g5 44. Kxe4 gxf4 45. Kd5 Ba3 46.
Nb5 Bb2 47. Nd6 Ba3 48. Nc4 Bb4 49. Ne5 Bc3 50. Nc6 h5 51. Kd6 Bb2 52. e7 Ba3+
53. Kd7 Bxe7 54. Nxe7 Kg5 55. h3 f3 56. gxf3 Kf4 57. h4 Ke5 58. f4+ Kxf4 59.
Ke6 1-0

[Event "WchT U26"]
[Site "Maringa"]
[Date "1991.??.??"]
[Round "5"]
[White "Watanabe, Roberto Tadashi"]
[Black "Rodriguez Vila, Andres"]
[Result "1-0"]
[WhiteElo "2325"]
[BlackElo "2350"]
[PlyCount "82"]
[EventDate "1991.??.??"]
[EventType "team"]
[EventRounds "11"]
[EventCountry "MEX"]
[SourceTitle "EXT 1999"]
[Source "ChessBase"]
[SourceDate "1998.11.16"]
[SourceVersion "1"]
[SourceVersionDate "1998.11.16"]
[SourceQuality "1"]

1. e4 e6 2. d4 d5 3. e5 c5 4. c3 Nc6 5. Nf3 Bd7 6. Be2 f6 7. O-O fxe5 8. dxe5
Qc7 9. c4 Nge7 10. Nc3 Nxe5 11. cxd5 exd5 12. Nxd5 Nxd5 13. Qxd5 Ng6 14. Ng5
O-O-O 15. Nf7 Re8 16. Nxh8 Bd6 17. Qh5 Nxh8 18. Bg4 g6 19. Bxd7+ Qxd7 20. Qh4
Re5 21. Qc4 Qe8 22. Qg4+ Rf5 23. Be3 Qe5 24. g3 Nf7 25. b4 Qe8 26. Kg2 Qe6 27.
Qe2 Ng5 28. f3 Re5 29. Rae1 c4 30. a3 Bc7 31. Qf2 Nh3 32. Qd2 Rd5 33. Qc2 Re5
34. Qc3 Rh5 35. Qh8+ Kd7 36. Qg7+ Kc6 37. b5+ Rxb5 38. Bb6 Be5 39. Qc7+ Bxc7
40. Rxe6+ Kd7 41. Bxc7 Ng5 1-0

[Event "WchT U26"]
[Site "Maringa"]
[Date "1991.??.??"]
[Round "7"]
[White "Rodriguez Vila, Andres"]
[Black "Galego, Luis"]
[Result "1-0"]
[WhiteElo "2350"]
[BlackElo "2395"]
[PlyCount "27"]
[EventDate "1991.??.??"]
[EventType "team"]
[EventRounds "11"]
[EventCountry "MEX"]
[SourceTitle "EXT 1999"]
[Source "ChessBase"]
[SourceDate "1998.11.16"]
[SourceVersion "1"]
[SourceVersionDate "1998.11.16"]
[SourceQuality "1"]

1. e4 c5 2. Nf3 e6 3. d4 cxd4 4. Nxd4 Nf6 5. Nc3 Bb4 6. e5 Nd5 7. Bd2 Bxc3 8.
bxc3 Qc7 9. f4 O-O 10. Be2 Na6 11. Be3 f5 12. Bxa6 Rb8 13. Kf1 Rf6 14. Bg1 1-0

[Event "Buenos Aires Konex"]
[Site "Buenos Aires"]
[Date "1991.??.??"]
[Round "6"]
[White "Rodriguez Vila, Andres"]
[Black "Mahia, Gustavo"]
[Result "1-0"]
[WhiteElo "2315"]
[BlackElo "2390"]
[PlyCount "101"]
[EventDate "1991.03.??"]
[EventType "swiss"]
[EventRounds "9"]
[EventCountry "ARG"]
[SourceTitle "EXT 2000"]
[Source "ChessBase"]
[SourceDate "1999.11.16"]
[SourceVersion "1"]
[SourceVersionDate "1999.11.16"]
[SourceQuality "1"]

1. e4 c5 2. Nf3 Nc6 3. d4 cxd4 4. Nxd4 Nf6 5. Nc3 e5 6. Ndb5 d6 7. Nd5 Nxd5 8.
exd5 Ne7 9. c4 Nf5 10. Bd3 Be7 11. O-O O-O 12. Kh1 Nh4 13. f4 f5 14. c5 dxc5
15. Bc4 Bf6 16. d6+ Kh8 17. fxe5 Bxe5 18. Qd5 Bf6 19. Qxc5 Bd7 20. Nc7 Rc8 21.
Bd5 Ng6 22. Bxb7 Rb8 23. Bf3 Be5 24. Be3 Qh4 25. Bg1 Rxb2 26. Rae1 Qf6 27. Rxe5
Qxe5 28. Qxe5 Nxe5 29. Bd4 Nxf3 30. Bxb2 Nd2 31. Rd1 Ne4 32. Bd4 a5 33. Rb1 Kg8
34. Be5 h6 35. Nd5 Kf7 36. Rb7 Ke6 37. Nf4+ Kxe5 38. Ng6+ Kxd6 39. Nxf8 Bc6 40.
Rxg7 h5 41. Rh7 Be8 42. Rh6+ Ke7 43. Ng6+ Kf6 44. Nf4+ Kg5 45. Re6 Bf7 46. Nh3+
Kg4 47. Ra6 Bxa2 48. Rg6+ Kh4 49. Nf4 Ng5 50. g3+ Kg4 51. Kg2 1-0

[Event "Buenos Aires Konex"]
[Site "Buenos Aires"]
[Date "1991.??.??"]
[Round "7"]
[White "Rubinetti, Jorge Alberto"]
[Black "Rodriguez Vila, Andres"]
[Result "0-1"]
[WhiteElo "2440"]
[BlackElo "2315"]
[PlyCount "133"]
[EventDate "1991.03.??"]
[EventType "swiss"]
[EventRounds "9"]
[EventCountry "ARG"]
[SourceTitle "EXT 2000"]
[Source "ChessBase"]
[SourceDate "1999.11.16"]
[SourceVersion "1"]
[SourceVersionDate "1999.11.16"]
[SourceQuality "1"]

1. e4 e6 2. d3 d5 3. Nd2 Nf6 4. Ngf3 Bc5 5. e5 Nfd7 6. c3 Be7 7. a3 c5 8. b4 d4
9. cxd4 cxb4 10. d5 exd5 11. d4 Nc6 12. Bd3 Nf8 13. O-O Qb6 14. Nb3 Bg4 15. h3
Bxf3 16. Qxf3 Ne6 17. Qxd5 Rd8 18. Qe4 bxa3 19. Bc4 Ncxd4 20. Nxd4 Qxd4 21.
Qxd4 Nxd4 22. Bxa3 a6 23. Rfb1 Rd7 24. f4 Nc2 25. Bxe7 Kxe7 26. Ra2 Ne3 27. Be2
Nd5 28. Bg4 Rc7 29. Bf3 Rd8 30. Ra5 Nxf4 31. Rxb7 Rxb7 32. Bxb7 Rb8 33. Bf3 Rb6
34. Kh2 Ne6 35. Kg3 Nd4 36. Bd5 Rb5 37. Rxb5 Nxb5 38. Kf4 Nc3 39. Bc4 a5 40.
Ke3 Na4 41. Kd4 Nb6 42. Ba2 Nd7 43. Bb3 h6 44. h4 g6 45. g3 Nb6 46. Kc5 a4 47.
Ba2 Nd7+ 48. Kd4 h5 49. Kd5 Nf8 50. Kc5 Ne6+ 51. Kb4 Nd4 52. Kxa4 Nf5 53. Kb4
Nxg3 54. Kc3 Nf5 55. Kd3 Nxh4 56. Ke4 Nf5 57. Kf4 Nd4 58. Bc4 Ne6+ 59. Kg3 Kf8
60. Kh4 Kg7 61. Kg3 g5 62. Kf3 Kg6 63. Bd3+ Kh6 64. Kg3 g4 65. Kh4 Nf4 66. Bf1
Kg6 67. Kg3 0-1

[Event "Buenos Aires Konex"]
[Site "Buenos Aires"]
[Date "1991.??.??"]
[Round "8"]
[White "Rodriguez Vila, Andres"]
[Black "Fiorito, Fabian"]
[Result "0-1"]
[WhiteElo "2315"]
[BlackElo "2435"]
[PlyCount "80"]
[EventDate "1991.03.??"]
[EventType "swiss"]
[EventRounds "9"]
[EventCountry "ARG"]
[SourceTitle "EXT 2000"]
[Source "ChessBase"]
[SourceDate "1999.11.16"]
[SourceVersion "1"]
[SourceVersionDate "1999.11.16"]
[SourceQuality "1"]

1. e4 c5 2. Nf3 e6 3. d4 cxd4 4. Nxd4 a6 5. Nc3 Qc7 6. g3 Bb4 7. Nde2 Nf6 8.
Bg2 Be7 9. O-O O-O 10. Nf4 Nc6 11. Nd3 d6 12. a4 Rb8 13. g4 Re8 14. Kh1 Bf8 15.
f4 b5 16. axb5 axb5 17. g5 Nd7 18. Be3 b4 19. Na2 d5 20. e5 Ba6 21. Nac1 Bb5
22. Nb3 Rec8 23. Rf3 g6 24. Rh3 Ra8 25. Rxa8 Rxa8 26. Nf2 Ba4 27. Na1 Ne7 28.
Bf1 Nf5 29. Bd3 Bc6 30. Kg1 Nxe3 31. Rxe3 Qa7 32. Re1 Qd4 33. Qc1 Bc5 34. Re2
Rxa1 35. Qxa1 Qxf4 36. Qa6 Nxe5 37. Kf1 Ng4 38. Qxc6 Bxf2 39. Qa6 Kg7 40. Qa1
Qf3 0-1

[Event "Benidorm op"]
[Site "Benidorm"]
[Date "1991.??.??"]
[Round "7"]
[White "Rodriguez Vila, Andres"]
[Black "Carlier, Bruno"]
[Result "1-0"]
[WhiteElo "2530"]
[BlackElo "2375"]
[PlyCount "53"]
[EventDate "1991.06.??"]
[EventType "swiss"]
[EventRounds "9"]
[EventCountry "ESP"]
[SourceTitle "EXT 1997"]
[Source "ChessBase"]
[SourceDate "1996.11.15"]
[SourceVersion "1"]
[SourceVersionDate "1996.11.15"]
[SourceQuality "1"]

1. e4 d5 2. exd5 Qxd5 3. Nc3 Qa5 4. d4 Nf6 5. Nf3 c6 6. Be2 Bf5 7. O-O Nbd7 8.
Bd2 e6 9. Re1 Qc7 10. a3 Bd6 11. Bf1 O-O 12. Bg5 a5 13. h3 a4 14. Bd3 Qa5 15.
Bxf6 gxf6 16. Nh4 Bxd3 17. Qxd3 Qh5 18. Nf3 Kh8 19. Re4 f5 20. Rh4 Qg6 21. Kh1
Rg8 22. Rg1 Be7 23. Rf4 Qh6 24. Qe3 Rg7 25. d5 Bc5 26. Qd2 cxd5 27. Rxa4 1-0

[Event "Wch U18"]
[Site "Guarapuava"]
[Date "1991.??.??"]
[Round "?"]
[White "Nielsen, Peter Heine"]
[Black "Rodriguez Vila, Andres"]
[Result "1/2-1/2"]
[WhiteElo "2365"]
[BlackElo "2350"]
[PlyCount "60"]
[EventDate "1991.08.??"]
[EventType "swiss"]
[EventRounds "11"]
[EventCountry "BRA"]
[SourceTitle "EXT 1999"]
[Source "ChessBase"]
[SourceDate "1998.11.16"]
[SourceVersion "1"]
[SourceVersionDate "1998.11.16"]
[SourceQuality "1"]

1. e4 d5 2. exd5 Qxd5 3. Nc3 Qa5 4. d4 Nf6 5. Nf3 Bg4 6. h3 Bh5 7. g4 Bg6 8.
Ne5 e6 9. Bg2 c6 10. O-O Bb4 11. Ne2 Nbd7 12. c3 Be7 13. Nxd7 Nxd7 14. Nf4
O-O-O 15. b4 Qc7 16. a4 Bd6 17. Nxg6 hxg6 18. b5 Nf6 19. bxc6 bxc6 20. Rb1 Kd7
21. Qf3 Ke7 22. Re1 Rd7 23. Bg5 Rc8 24. Qe3 Kf8 25. c4 Qa5 26. Bf1 Bb8 27. Rb3
Qc7 28. Bg2 Qd6 29. Reb1 Bc7 30. Rb7 a5 1/2-1/2

[Event "Wch U18"]
[Site "Guarapuava"]
[Date "1991.??.??"]
[Round "?"]
[White "Rodriguez Vila, Andres"]
[Black "Riline Orso, Alejandro"]
[Result "1-0"]
[WhiteElo "2350"]
[BlackElo "2295"]
[PlyCount "133"]
[EventDate "1991.08.??"]
[EventType "swiss"]
[EventRounds "11"]
[EventCountry "BRA"]
[SourceTitle "EXT 2003"]
[Source "ChessBase"]
[SourceDate "2002.11.25"]
[SourceVersion "1"]
[SourceVersionDate "2002.11.25"]
[SourceQuality "1"]

1. e4 c5 2. Nf3 d6 3. d4 cxd4 4. Nxd4 Nf6 5. Nc3 g6 6. g3 Bg7 7. Bg2 Nc6 8.
Nxc6 bxc6 9. e5 Nd5 10. Nxd5 cxd5 11. exd6 O-O 12. O-O Rb8 13. dxe7 Qxe7 14.
Re1 Qc5 15. Bxd5 Bd4 16. Be3 Bxe3 17. Rxe3 Rxb2 18. Bb3 Bf5 19. Qf3 Qd4 20. Rd1
Qg4 21. Qxg4 Bxg4 22. Rc1 Rd8 23. Re7 Be6 24. Rxa7 Bxb3 25. axb3 Rc8 26. Rb7
Rcxc2 27. Rxc2 Rxc2 28. b4 Rb2 29. Rb8+ Kg7 30. b5 h5 31. h4 Kf6 32. b6 Kg7 33.
Kg2 Rb3 34. Kf1 Rb2 35. Ke1 Kf6 36. f3 Kg7 37. Kd1 Kf6 38. Kc1 Rb5 39. Kc2 Kg7
40. Kc3 Rb1 41. g4 Kf6 42. g5+ Ke5 43. Rb7 f5 44. Re7+ Kd5 45. b7 Kd6 46. Rg7
Ke5 47. Rxg6 Rxb7 48. Rh6 Kf4 49. Rxh5 Rg7 50. Kd4 Kxf3 51. Ke5 Kg4 52. Rh8 f4
53. Kf6 Ra7 54. g6 Ra6+ 55. Kg7 f3 56. Kh7 Kxh4 57. g7 Ra5 58. g8=Q Rh5+ 59.
Kg6 Rxh8 60. Qxh8+ Kg3 61. Qe5+ Kg2 62. Qg5+ Kh1 63. Qh4+ Kg2 64. Qg4+ Kf2 65.
Kf5 Ke3 66. Qe4+ Kf2 67. Kg4 1-0

[Event "Wch U18"]
[Site "Guarapuava"]
[Date "1991.??.??"]
[Round "?"]
[White "Rodriguez Vila, Andres"]
[Black "Zoler, Dan"]
[Result "0-1"]
[WhiteElo "2350"]
[BlackElo "2325"]
[PlyCount "102"]
[EventDate "1991.08.??"]
[EventType "swiss"]
[EventRounds "11"]
[EventCountry "BRA"]
[SourceTitle "EXT 1999"]
[Source "ChessBase"]
[SourceDate "1998.11.16"]
[SourceVersion "1"]
[SourceVersionDate "1998.11.16"]
[SourceQuality "1"]

1. e4 e5 2. Nf3 Nc6 3. Bb5 a6 4. Ba4 g6 5. d4 exd4 6. Nxd4 Bg7 7. c3 Nf6 8. O-O
O-O 9. Nxc6 dxc6 10. Qxd8 Rxd8 11. Bg5 h6 12. Bh4 g5 13. Bg3 Nxe4 14. Bxc7 Re8
15. Bc2 Nf6 16. Nd2 Nd5 17. Bg3 f5 18. f3 Be6 19. Rfe1 Rad8 20. Nb3 b6 21. Rad1
f4 22. Bf2 Bf7 23. Rxe8+ Rxe8 24. Be4 a5 25. Nd4 c5 26. Nf5 Nf6 27. Rd6 Nxe4
28. fxe4 Re6 29. Rd8+ Kh7 30. Rd7 Kg8 31. Ne7+ Kf8 32. Nd5 Rxe4 33. Nxb6 Bxa2
34. Bxc5+ Kg8 35. Kf2 Be6 36. Ra7 Bg4 37. c4 Bxb2 38. Rxa5 Be5 39. Nd5 Re2+ 40.
Kf1 Rc2 41. Ra8+ Kf7 42. Ra7+ Kg6 43. Ra6+ Kh5 44. Nf6+ Bxf6 45. Rxf6 Be2+ 46.
Kg1 Rc1+ 47. Kf2 Bxc4 48. g3 Rc2+ 49. Ke1 f3 50. Bf8 Re2+ 51. Kd1 Kg4 0-1

[Event "Wch U18"]
[Site "Guarapuava"]
[Date "1991.??.??"]
[Round "?"]
[White "Sakaev, Konstantin"]
[Black "Rodriguez Vila, Andres"]
[Result "1-0"]
[WhiteElo "2450"]
[BlackElo "2350"]
[PlyCount "69"]
[EventDate "1991.08.??"]
[EventType "swiss"]
[EventRounds "11"]
[EventCountry "BRA"]
[SourceTitle "EXT 2003"]
[Source "ChessBase"]
[SourceDate "2002.11.25"]
[SourceVersion "1"]
[SourceVersionDate "2002.11.25"]
[SourceQuality "1"]

1. d4 Nf6 2. c4 e6 3. Nc3 Bb4 4. Qc2 O-O 5. a3 Bxc3+ 6. Qxc3 b6 7. Bg5 Bb7 8.
e3 c5 9. dxc5 bxc5 10. f3 Nc6 11. Nh3 Rc8 12. O-O-O d5 13. Qc2 h6 14. Bh4 Qe7
15. Nf2 Ne5 16. Bg3 Nfd7 17. e4 f5 18. exf5 exf5 19. Nh3 d4 20. Nf4 Qf7 21. h4
a5 22. a4 Rc6 23. b3 Rb6 24. Bd3 Ba8 25. Rhe1 g6 26. Nh3 Nc6 27. Rd2 Nf6 28.
Rde2 Qb7 29. Kb2 Rf7 30. Nf4 Nb4 31. Qd1 Qd7 32. Ka3 Nc6 33. Bb1 g5 34. hxg5
hxg5 35. Ng6 1-0

[Event "San Copiapo"]
[Site "San Copiapo"]
[Date "1992.??.??"]
[Round "1"]
[White "Araya, Mario"]
[Black "Rodriguez Vila, Andres"]
[Result "0-1"]
[WhiteElo "2395"]
[BlackElo "2360"]
[PlyCount "54"]
[EventDate "1992.??.??"]
[EventType "tourn"]
[EventRounds "11"]
[EventCountry "CHI"]
[SourceTitle "EXT 2000"]
[Source "ChessBase"]
[SourceDate "1999.11.16"]
[SourceVersion "1"]
[SourceVersionDate "1999.11.16"]
[SourceQuality "1"]

1. d4 f5 2. c4 g6 3. Nc3 Nf6 4. g3 Bg7 5. Bg2 O-O 6. Nh3 c6 7. O-O d6 8. d5 Qe8
9. Be3 h6 10. Qd2 Kh7 11. Rae1 Na6 12. f4 Bd7 13. Nf2 e5 14. dxe6 Bxe6 15. b3
d5 16. cxd5 Nxd5 17. Bd4 Nf6 18. Qc1 Qf7 19. Be5 Rfe8 20. e4 Rad8 21. exf5 gxf5
22. Qc2 Nb4 23. Qb1 Qg6 24. Bh3 Nh5 25. Bg2 Bxe5 26. Rxe5 Nxf4 27. Rxe6 Rxe6
0-1

[Event "San Copiapo"]
[Site "San Copiapo"]
[Date "1992.??.??"]
[Round "2"]
[White "Rodriguez Vila, Andres"]
[Black "Duarte Mermow, Marcelo R"]
[Result "1/2-1/2"]
[WhiteElo "2360"]
[BlackElo "2375"]
[PlyCount "63"]
[EventDate "1992.??.??"]
[EventType "tourn"]
[EventRounds "11"]
[EventCountry "CHI"]
[SourceTitle "EXT 2000"]
[Source "ChessBase"]
[SourceDate "1999.11.16"]
[SourceVersion "1"]
[SourceVersionDate "1999.11.16"]
[SourceQuality "1"]

1. g3 Nf6 2. Bg2 d5 3. f4 e6 4. Nf3 Bd6 5. O-O O-O 6. d3 Nc6 7. Kh1 h6 8. Nc3
d4 9. Ne4 Be7 10. Nxf6+ Bxf6 11. Nd2 Nb4 12. Ne4 Nd5 13. Qe1 Bd7 14. c4 dxc3
15. bxc3 Bc6 16. Rb1 Be7 17. c4 Nb6 18. Bb2 Qd7 19. Qa5 Na4 20. Ba1 b6 21. Qh5
f5 22. Ng5 Bf6 23. Bxf6 Rxf6 24. Nf3 Bxf3 25. Qxf3 Rd8 26. Qb7 a5 27. Rb5 Nc3
28. Bc6 Qd6 29. Rb2 e5 30. Rc1 Qxc6+ 31. Qxc6 Rxc6 32. Rxc3 1/2-1/2

[Event "San Copiapo"]
[Site "San Copiapo"]
[Date "1992.??.??"]
[Round "3"]
[White "Labra Carreno, Martin"]
[Black "Rodriguez Vila, Andres"]
[Result "0-1"]
[WhiteElo "2360"]
[BlackElo "2360"]
[PlyCount "48"]
[EventDate "1992.??.??"]
[EventType "tourn"]
[EventRounds "11"]
[EventCountry "CHI"]
[SourceTitle "EXT 2000"]
[Source "ChessBase"]
[SourceDate "1999.11.16"]
[SourceVersion "1"]
[SourceVersionDate "1999.11.16"]
[SourceQuality "1"]

1. e4 e6 2. d4 d5 3. e5 c5 4. c3 Nc6 5. Nf3 Bd7 6. Be2 f6 7. O-O Qc7 8. Re1
fxe5 9. Nxe5 Nxe5 10. dxe5 O-O-O 11. f4 Nh6 12. a3 Bc6 13. b4 d4 14. b5 Bd5 15.
cxd4 Nf5 16. Nc3 Kb8 17. b6 axb6 18. Nb5 Qc6 19. Qa4 Nxd4 20. Qa7+ Kc8 21. Nxd4
cxd4 22. Bd2 Bc5 23. Bf1 Kc7 24. Rab1 d3+ 0-1

[Event "San Copiapo"]
[Site "San Copiapo"]
[Date "1992.??.??"]
[Round "4"]
[White "Rodriguez Vila, Andres"]
[Black "Peralta, Eduardo"]
[Result "1-0"]
[WhiteElo "2360"]
[BlackElo "2255"]
[PlyCount "49"]
[EventDate "1992.??.??"]
[EventType "tourn"]
[EventRounds "11"]
[EventCountry "CHI"]
[SourceTitle "EXT 2000"]
[Source "ChessBase"]
[SourceDate "1999.11.16"]
[SourceVersion "1"]
[SourceVersionDate "1999.11.16"]
[SourceQuality "1"]

1. e4 e6 2. d4 d5 3. exd5 exd5 4. Bd3 Nc6 5. Ne2 Bd6 6. c3 Nf6 7. Bg5 O-O 8.
Nd2 Re8 9. Qb3 Na5 10. Qa4 Nc6 11. O-O-O Bd7 12. Qc2 h6 13. Bh4 Rb8 14. Nf1 b5
15. Ne3 b4 16. c4 dxc4 17. Bxc4 Na5 18. Rhe1 c6 19. Kb1 Rxe3 20. fxe3 Nxc4 21.
Qxc4 Be6 22. Bxf6 Qa5 23. d5 cxd5 24. Qd3 d4 25. b3 1-0

[Event "San Copiapo"]
[Site "San Copiapo"]
[Date "1992.??.??"]
[Round "7"]
[White "Egger Mancilla, Jorge Alejandro"]
[Black "Rodriguez Vila, Andres"]
[Result "1-0"]
[WhiteElo "2355"]
[BlackElo "2360"]
[PlyCount "55"]
[EventDate "1992.??.??"]
[EventType "tourn"]
[EventRounds "11"]
[EventCountry "CHI"]
[SourceTitle "EXT 2000"]
[Source "ChessBase"]
[SourceDate "1999.11.16"]
[SourceVersion "1"]
[SourceVersionDate "1999.11.16"]
[SourceQuality "1"]

1. e4 e6 2. d4 d5 3. Nd2 Nf6 4. e5 Nfd7 5. f4 c5 6. c3 Nc6 7. Ndf3 Qb6 8. h4 a5
9. Ne2 a4 10. g3 cxd4 11. cxd4 a3 12. b3 f6 13. Bh3 fxe5 14. fxe5 Bb4+ 15. Kf1
O-O 16. Kg2 Kh8 17. Rf1 Nd8 18. Nf4 Be7 19. Be3 Re8 20. Rc1 Nf8 21. Nxd5 exd5
22. Bxc8 Nc6 23. Bf5 Nb4 24. Bb1 Ne6 25. Nh2 Nf8 26. Qh5 Ng6 27. Rf6 Bxf6 28.
Bxg6 1-0

[Event "San Copiapo"]
[Site "San Copiapo"]
[Date "1992.??.??"]
[Round "8"]
[White "Rodriguez Vila, Andres"]
[Black "Bombardiere Rosas, Eduardo"]
[Result "1/2-1/2"]
[WhiteElo "2360"]
[BlackElo "2265"]
[PlyCount "121"]
[EventDate "1992.??.??"]
[EventType "tourn"]
[EventRounds "11"]
[EventCountry "CHI"]
[SourceTitle "EXT 2000"]
[Source "ChessBase"]
[SourceDate "1999.11.16"]
[SourceVersion "1"]
[SourceVersionDate "1999.11.16"]
[SourceQuality "1"]

1. e4 e5 2. Nf3 Nf6 3. d4 Nxe4 4. Bd3 d5 5. Nxe5 Nf6 6. O-O Be7 7. c4 c6 8. Nc3
O-O 9. Re1 Nbd7 10. Qf3 dxc4 11. Bxc4 Nb6 12. Bb3 Nbd5 13. Nxd5 cxd5 14. Bg5
Be6 15. Bc2 Rc8 16. Rac1 Ne4 17. Bxe7 Qxe7 18. Bxe4 dxe4 19. Qxe4 Rxc1 20. Rxc1
Bxa2 21. Ra1 Bc4 22. d5 Re8 23. Re1 b5 24. b3 Bxb3 25. Qf3 Ba2 26. Re3 Qf6 27.
Qe2 Bxd5 28. Qxb5 Qd8 29. h3 h6 30. Qa4 Qa8 31. Qd4 Bxg2 32. Qg4 f6 33. Rg3 Qb7
34. Qd7 Qxd7 35. Nxd7 Rd8 36. Nxf6+ Kf7 37. Nh5 g6 38. Kxg2 gxh5 39. Ra3 Rd7
40. Ra6 Kg7 41. Kg3 Rf7 42. f4 Kh7 43. f5 Kg7 44. Rg6+ Kh7 45. Ra6 Rg7+ 46. Kf4
Rb7 47. Ke5 h4 48. Ke6 h5 49. Kf6 Kh6 50. Re6 a5 51. Ra6 Rb5 52. Ke7+ Kg5 53.
f6 Rb7+ 54. Kf8 Kg6 55. f7+ Kh7 56. Ke8 Rb8+ 57. Ke7 Kg7 58. Rb6 Ra8 59. Ra6
Rb8 60. Ra7 a4 61. Rxa4 1/2-1/2

[Event "San Copiapo"]
[Site "San Copiapo"]
[Date "1992.??.??"]
[Round "9"]
[White "Letelier Martner, Rene"]
[Black "Rodriguez Vila, Andres"]
[Result "0-1"]
[WhiteElo "2220"]
[BlackElo "2360"]
[PlyCount "83"]
[EventDate "1992.??.??"]
[EventType "tourn"]
[EventRounds "11"]
[EventCountry "CHI"]
[SourceTitle "EXT 2000"]
[Source "ChessBase"]
[SourceDate "1999.11.16"]
[SourceVersion "1"]
[SourceVersionDate "1999.11.16"]
[SourceQuality "1"]

1. c4 f5 2. Nc3 Nf6 3. g3 g6 4. Bg2 Bg7 5. e3 O-O 6. Nge2 e5 7. d4 d6 8. b3 Qe8
9. dxe5 dxe5 10. Ba3 Rf7 11. Qc2 c6 12. e4 f4 13. f3 g5 14. O-O-O a5 15. Bd6
Na6 16. Na4 Be6 17. h4 Nd7 18. hxg5 b5 19. Nb2 Nb4 20. Qb1 bxc4 21. Na4 Bf8 22.
gxf4 exf4 23. a3 Nd3+ 24. Rxd3 cxd3 25. Qxd3 Rb8 26. Bxb8 Qxb8 27. g6 hxg6 28.
Nd4 Bxa3+ 29. Kb1 Ne5 30. Qc3 Rb7 31. Ka2 Bb4 32. Qc1 Qd6 33. Rd1 Bf7 34. Bf1
Qb8 35. Ba6 Ra7 36. Be2 Bf8 37. Qxf4 Qb4 38. Qxe5 Qxa4+ 39. Kb2 Rb7 40. Rd3
Qa3+ 41. Kc2 Qa2+ 42. Kd1 0-1

[Event "Santiago op"]
[Site "Santiago de Chile"]
[Date "1992.??.??"]
[Round "2"]
[White "Melhuish, Jose"]
[Black "Rodriguez Vila, Andres"]
[Result "0-1"]
[WhiteElo "2270"]
[BlackElo "2360"]
[PlyCount "54"]
[EventDate "1992.??.??"]
[EventType "swiss"]
[EventRounds "9"]
[EventCountry "CHI"]
[SourceTitle "EXT 1998"]
[Source "ChessBase"]
[SourceDate "1997.11.17"]
[SourceVersion "1"]
[SourceVersionDate "1997.11.17"]
[SourceQuality "1"]

1. d4 f5 2. c4 Nf6 3. Nc3 g6 4. f3 Bg7 5. e4 fxe4 6. fxe4 c5 7. d5 O-O 8. Nf3
d6 9. Be2 a6 10. O-O b5 11. cxb5 Qb6 12. bxa6 Nxa6 13. Nd2 c4+ 14. Kh1 Nc5 15.
Nxc4 Qc7 16. e5 Nfe4 17. Rxf8+ Kxf8 18. Qf1+ Kg8 19. Nxe4 Nxe4 20. e6 Bb7 21.
Be3 Bxd5 22. Qf7+ Kh8 23. Nb6 Rf8 24. Nxd5 Qc2 25. Bd4 Rxf7 26. exf7 e5 27. Rf1
Qxe2 0-1